La gestión financiera de la empresa
Kaydedildi:
| Yazar: | |
|---|---|
| Materyal Türü: | Kitap |
| Dil: | İspanyolca |
| Baskı/Yayın Bilgisi: |
Barcelona
Hispano Europea
1977
|
| Edisyon: | 4a. ed |
| Seri Bilgileri: | Biblioteca de Dirección, Organización y Administración de Empresas: técnicas administrativas
|
| Konular: | |
| Etiketler: |
Etiketle
Etiket eklenmemiş, İlk siz ekleyin!
|
MARC
| LEADER | 00000nam a2200000 a 4500 | ||
|---|---|---|---|
| 001 | UCU7244 | ||
| 003 | CL-VaPUC | ||
| 008 | 960628e19770000SP |||||||||||||||||spa|d | ||
| 082 | 0 | 4 | |a 658.15 |b CON |2 21 |
| 100 | 0 | |a Conso, Pierre |e author |9 365904 | |
| 245 | 1 | 3 | |a La gestión financiera de la empresa |
| 250 | |a 4a. ed | ||
| 300 | |a 616 p | ||
| 942 | |c BK | ||
| 945 | |d 19960628 00:00:00 |a paguirre | ||
| 260 | |a Barcelona |b Hispano Europea |c 1977 | ||
| 650 | 0 | |a Administración |9 259325 | |
| 650 | 0 | |a Administración de empresas |9 260833 | |
| 650 | 0 | |a Gestión |9 260993 | |
| 650 | 7 | |a FINANCIACION |2 CL-VaPUC |9 351156 | |
| 650 | 7 | |a FINANCIAMIENTO |2 CL-VaPUC |9 358995 | |
| 650 | 0 | |a Costos |9 261063 | |
| 650 | 0 | |a Toma de decisiones |9 257530 | |
| 583 | |a last modification |c 19960628 00:00:00 |k Rodrigo Vera | ||
| 490 | 0 | |a Biblioteca de Dirección, Organización y Administración de Empresas: técnicas administrativas | |
| 999 | |c 249921 |d 249919 | ||
| 952 | |0 0 |1 0 |4 0 |6 658_150000000000000_CON_1977 |7 0 |8 A |9 267487 |a BIBING |b BIBING |d 2019-11-19 |i 1699520 |l 1 |o 658.15 CON 1977 |p 1699520 |r 2025-01-20 |s 2024-03-11 |w 2019-11-19 |y BK |k CCL | ||
| 952 | |0 0 |1 0 |4 0 |6 658_150000000000000_CON_1977 |7 0 |8 A |9 267488 |a BIBENE |b BIBENE |d 2019-11-19 |i 141223K |o 658.15 CON 1977 |p 141223K |r 2025-01-15 |w 2019-11-19 |y BK |k ICO | ||
| 952 | |0 0 |1 0 |4 0 |6 658_150000000000000_CON_1977 |7 0 |8 A |9 267489 |a BIBENE |b BIBENE |d 2019-11-19 |i 1412280 |o 658.15 CON 1977 |p 1412280 |r 2025-01-15 |w 2019-11-19 |y BK |k ICO | ||